000 00527nam a22001697a 4500
082 _a624.15136
_bSCO
_cL-16, P-10
100 _aScott, Ronald F.
_942527
245 _aPrinciples of soil mechanics
_cScott, Ronald F.
250 _a1st ed.
260 _aLondon
_bAddison-wesley publishing company
_c1965
300 _ax, 550 p.
_bill.
_c27 cm.
526 _a0
_b0
_c0
_d624_151360000000000_SCO
526 _a0
_b0
_c0
_d624_151360000000000_SCO
526 _a0
_b0
_c0
_d624_151360000000000_SCO
650 _aMCE
_9379
942 _2ddc
_cBK
999 _c546416
_d546416